|
|
|
|
| LEADER |
00863nam a22002537a 4500 |
| 001 |
AA895 |
| 003 |
BD-DhAAL |
| 005 |
20160116182304.0 |
| 008 |
160116m19921989ii ||||| b||| 00| 0 eng d |
| 020 |
|
|
|a 0706971396
|
| 082 |
|
|
|a 338.9
|
| 100 |
|
|
|a Agrawal, A N
|9 17411
|
| 245 |
|
|
|a Economics of development and planning /
|c A N Agrawal and Kundan Lal
|
| 250 |
|
|
|a 2nd rev. ed.
|
| 260 |
|
|
|a New Delhi, India :
|b Vikas Pub. House,
|c 1993.
|
| 300 |
|
|
|a 1 volume (various pagings) :
|b ill. ;
|c 25 cm.
|
| 504 |
|
|
|6 Includes bibliography.
|
| 541 |
|
|
|e 895
|
| 650 |
|
|
|a Economic development.
|9 17412
|
| 650 |
|
|
|a Economic policy.
|9 17413
|
| 700 |
|
|
|a Lal, Kundan
|9 17414
|
| 942 |
|
|
|2 ddc
|c BK
|
| 999 |
|
|
|c 36630
|d 36630
|
| 952 |
|
|
|0 0
|1 0
|2 ddc
|4 0
|6 338_900000000000000_AGR
|7 0
|9 57624
|a SCL
|b SCL
|c GEN
|d 2016-01-16
|g 150.00
|l 0
|o 338.9 AGR
|p 3020000895
|r 2016-01-16
|t 1
|w 2016-01-16
|y BK
|